| 000 | 00943nam a2200253 a 4500 | ||
|---|---|---|---|
| 001 | 54857 | ||
| 003 | BD-RjUL | ||
| 005 | 20211209080158.0 | ||
| 008 | 161112s1989 bg ||||| |||| 00| 0 ben d | ||
| 020 | _c: TK 90.00 | ||
| 035 | _a(BD-RjUL)54979 | ||
| 040 |
_aBD-RjUL _bben _cBD-RjUL |
||
| 041 | _aben | ||
| 082 |
_223 _a297.7 _bMAA 1989 |
||
| 100 |
_aমিঞা, মুহাম্মদ _9117860 |
||
| 245 | 1 | 0 |
_aআলিম সমাজের বিপ্লবী / _c ঐতিহ্য মুহাম্মদ মিঞা |
| 260 |
_aঢাকা : _bইসলামিক ফাউন্ডেশন্স, _c১৯৮৯ |
||
| 300 |
_aখণ্ড. ; _c১৯ সেমি. |
||
| 505 | _aখণ্ড ১ -- | ||
| 650 |
_aইসলাম রক্ষা _9163531 |
||
| 650 |
_aProtection of Islam _9163532 |
||
| 700 |
_aরহমান, সিদ্দিকুর, অনুবাদ _9163533 |
||
| 942 |
_2ddc _cBK _01 |
||
| 999 |
_c54857 _d54857 |
||